Les mystéres de l'Académie Goncourt / (Record no. 20793)

MARC details
000 -LEADER
campo de control de longitud fija 00556nam a2200181 i 4500
001 - NÚMERO DE CONTROL
campo de control 20793
003 - IDENTIFICADOR DE NÚMERO DE CONTROL
campo de control ES-MaACL
005 - FECHA Y HORA DE LA ÚLTIMA TRANSACCIÓN
campo de control 20230906152350.0
007 - CAMPO FIJO DE DESCRIPCIÓN FÍSICA--INFORMACIÓN GENERAL
campo de control de longitud fija t|
008 - DATOS DE LONGITUD FIJA--INFORMACIÓN GENERAL
campo de control de longitud fija 021118s1929 fr ||||1| fre d
080 ## - NÚMERO DE LA CLASIFICACIÓN DECIMAL UNIVERSAL
Número de la Clasificación Decimal Universal 06 (44.36)
100 1# - ENTRADA PRINCIPAL--NOMBRE DE PERSONA
Nombre de persona Ajalbert, Jean.
9 (RLIN) 19024
245 14 - MENCIÓN DEL TÍTULO
Título Les mystéres de l'Académie Goncourt /
Mención de responsabilidad, etc. Jean Ajalbert.
260 ## - PUBLICACIÓN, DISTRIBUCIÓN, ETC.
Lugar de publicación, distribución, etc. París :
Nombre del editor, distribuidor, etc. J. Ferenczi et Fils,
Fecha de publicación, distribución, etc. 1929 (
Lugar de fabricación/manufactura Montrouge :
Fabricante L'Imprimerie Moderne)
300 ## - DESCRIPCIÓN FÍSICA
Extensión 330 p., 2 lám. ;
Dimensiones 19 cm.
610 24 - PUNTO DE ACCESO ADICIONAL DE MATERIA--NOMBRE DE ENTIDAD CORPORATIVA
Nombre de entidad corporativa o nombre de jurisdicción como elemento de entrada Académie Goncourt.
9 (RLIN) 161131
852 ## - LOCALIZACIÓN
Ubicación ES-MaACL
Número de control de estantería A-2107
Sublocalización o colección R.13219
Holdings
Estatus retirado Estado de pérdida Estado de daño No para préstamo Biblioteca de origen Biblioteca actual Ubicación en estantería Fecha de adquisición Fuente de adquisición Total de préstamos Signatura topográfica completa Código de barras Visto por última vez Precio de reemplazo Tipo de ítem Koha
        Biblioteca del Ateneo de Madrid Biblioteca del Ateneo de Madrid Sala Pecera Planta 1 17/01/2008     A-2107 1021354 23/02/2023 23/02/2023 Libro impreso